[Event "European Club Cup"]
[Site "chess24.com"]
[Date "2018.10.17"]
[Round "6"]
[White "Lopez, Jasel"]
[Black "Sokolov, Ivan"]
[Result "0-1"]
[Board "2"]
[WhiteElo "2366"]
[WhiteTitle "FM"]
[WhiteCountry "ARU"]
[WhiteFideId "15900045"]
[WhiteEloChange "-5"]
[BlackElo "2573"]
[BlackTitle "GM"]
[BlackCountry "NED"]
[BlackFideId "14400030"]
[BlackEloChange "2"]

1. d4 {[%clk 1:30:57]} Nf6 {[%clk 1:22:10]} 2. c4 {[%clk 1:31:16]} e6 {[%clk
1:21:35]} 3. Nf3 {[%clk 1:31:38]} d5 {[%clk 1:21:49]} 4. Nc3 {[%clk 1:31:39]}
Nbd7 {[%clk 1:21:55]} 5. Bg5 {[%clk 1:31:34]} h6 {[%clk 1:20:46]} 6. Bh4 {[%clk
1:31:56]} Be7 {[%clk 1:19:50]} 7. e3 {[%clk 1:32:14]} O-O {[%clk 1:20:14]} 8. Bd3
{[%clk 1:32:13]} dxc4 {[%clk 1:19:06]} 9. Bxc4 {[%clk 1:32:35]} a6 {[%clk
1:19:18]} 10. O-O {[%clk 1:20:34]} b5 {[%clk 1:19:29]} 11. Be2 {[%clk 1:20:42]}
Bb7 {[%clk 1:19:57]} 12. Rc1 {[%clk 1:20:40]} Rc8 {[%clk 1:19:47]} 13. a4 {[%clk
1:13:06]} b4 {[%clk 1:19:50]} 14. Nb1 {[%clk 1:13:12]} c5 {[%clk 1:20:09]} 15.
Nbd2 {[%clk 1:13:17]} cxd4 {[%clk 1:20:01]} 16. Nxd4 {[%clk 1:11:10]} Nc5 {[%clk
1:16:58]} 17. Nc4 {[%clk 1:05:16]} Nd5 {[%clk 1:05:53]} 18. Bg3 {[%clk 0:52:46]}
Ne4 {[%clk 1:03:08]} 19. Bf3 {[%clk 0:46:00]} Nxg3 {[%clk 0:59:12]} 20. hxg3
{[%clk 0:46:20]} Rc7 {[%clk 0:39:32]} 21. Qe2 {[%clk 0:36:13]} Bf6 {[%clk
0:37:46]} 22. Rfd1 {[%clk 0:27:12]} Qb8 {[%clk 0:31:44]} 23. e4 {[%clk 0:17:41]}
Rfc8 {[%clk 0:29:00]} 24. Nb3 {[%clk 0:11:30]} Bg5 {[%clk 0:25:11]} 25. Ncd2
{[%clk 0:11:52]} Rxc1 {[%clk 0:22:12]} 26. Rxc1 {[%clk 0:12:10]} Rxc1+ {[%clk
0:22:38]} 27. Nxc1 {[%clk 0:12:35]} Nb6 {[%clk 0:22:45]} 28. a5 {[%clk 0:11:27]}
Na4 {[%clk 0:21:45]} 29. Nd3 {[%clk 0:11:52]} Bc6 {[%clk 0:20:05]} 30. Nc4 {[%clk
0:08:36]} Bb5 {[%clk 0:15:54]} 31. Qc2 {[%clk 0:08:50]} Qc7 {[%clk 0:14:23]} 32.
b3 {[%clk 0:09:14]} Be7 {[%clk 0:14:49]} 33. Ndb2 {[%clk 0:00:41]} Nxb2 {[%clk
0:08:35]} 34. Qxb2 {[%clk 0:01:07]} Bc5 {[%clk 0:09:02]} 35. Qe5 {[%clk 0:00:59]}
Qxe5 {[%clk 0:06:29]} 36. Nxe5 {[%clk 0:01:25]} Bd4 {[%clk 0:06:55]} 37. Ng4
{[%clk 0:01:01]} Bd3 {[%clk 0:07:02]} 38. Ne3 {[%clk 0:00:47]} Bxe3 {[%clk
0:06:56]} 39. fxe3 {[%clk 0:01:14]} Kf8 {[%clk 0:02:07]} 40. Kf2 {[%clk 0:31:19]}
Ke7 {[%clk 0:32:10]} 41. Be2 {[%clk 0:25:06]} Bxe2 {[%clk 0:31:48]} 42. Kxe2
{[%clk 0:25:31]} Kd6 {[%clk 0:32:14]} 43. Kd3 {[%clk 0:25:58]} Kc5 {[%clk
0:32:13]} 44. e5 {[%clk 0:25:30]} Kd5 {[%clk 0:31:41]} 45. g4 {[%clk 0:22:16]} g6
{[%clk 0:31:11]} 46. e4+ {[%clk 0:21:05]} Kxe5 {[%clk 0:31:37]} 47. Kc4 {[%clk
0:21:31]} Kxe4 {[%clk 0:31:45]} 48. Kc5 {[%clk 0:20:31]} e5 {[%clk 0:32:00]} 49.
Kb6 {[%clk 0:20:52]} Kd5 {[%clk 0:30:11]} 50. Kxa6 {[%clk 0:19:30]} Kc6 {[%clk
0:30:37]} 51. g5 {[%clk 0:18:24]} h5 {[%clk 0:29:47]} 52. Ka7 {[%clk 0:15:51]} e4
{[%clk 0:30:08]} 53. a6 {[%clk 0:16:00]} Kc7 {[%clk 0:30:33]} 54. Ka8 {[%clk
0:15:57]} e3 {[%clk 0:30:58]} 55. a7 {[%clk 0:16:26]} e2 {[%clk 0:31:22]} 56. g4
{[%clk 0:16:53]} e1Q {[%clk 0:31:47]} 0-1

[Event "European Club Cup"]
[Site "chess24.com"]
[Date "2018.10.17"]
[Round "6"]
[White "Nikolovski, Nikola"]
[Black "Parkhov, Yair"]
[Result "1/2-1/2"]
[Board "3"]
[WhiteElo "2369"]
[WhiteTitle "IM"]
[WhiteCountry "MKD"]
[WhiteFideId "15002314"]
[WhiteEloChange "-1"]
[BlackElo "2331"]
[BlackTitle "FM"]
[BlackCountry "ISR"]
[BlackFideId "2813408"]
[BlackEloChange "1"]

1. e4 {[%clk 1:30:43]} e6 {[%clk 1:30:56]} 2. d4 {[%clk 1:30:14]} d5 {[%clk
1:31:18]} 3. Nc3 {[%clk 1:30:35]} Bb4 {[%clk 1:31:44]} 4. e5 {[%clk 1:30:19]} c5
{[%clk 1:32:08]} 5. a3 {[%clk 1:30:41]} Bxc3+ {[%clk 1:32:33]} 6. bxc3 {[%clk
1:31:02]} Qa5 {[%clk 1:32:54]} 7. Bd2 {[%clk 1:20:02]} Qa4 {[%clk 1:33:06]} 8.
Qg4 {[%clk 1:17:18]} Kf8 {[%clk 1:30:28]} 9. Nf3 {[%clk 1:12:14]} Nc6 {[%clk
1:23:44]} 10. Ra2 {[%clk 1:00:23]} b6 {[%clk 1:14:59]} 11. Bd3 {[%clk 0:53:33]}
Ba6 {[%clk 1:12:25]} 12. O-O {[%clk 0:51:54]} Bxd3 {[%clk 1:06:41]} 13. cxd3
{[%clk 0:52:14]} Nge7 {[%clk 1:05:09]} 14. Rc1 {[%clk 0:35:25]} Nf5 {[%clk
0:51:40]} 15. Qf4 {[%clk 0:33:45]} h6 {[%clk 0:34:31]} 16. dxc5 {[%clk 0:25:58]}
Qxf4 {[%clk 0:22:51]} 17. Bxf4 {[%clk 0:25:28]} bxc5 {[%clk 0:23:07]} 18. Rb2
{[%clk 0:17:52]} g5 {[%clk 0:22:18]} 19. g4 {[%clk 0:17:51]} Nh4 {[%clk 0:21:19]}
20. Nxh4 {[%clk 0:17:58]} gxf4 {[%clk 0:21:09]} 21. Nf3 {[%clk 0:14:21]} Rg8
{[%clk 0:18:02]} 22. h3 {[%clk 0:14:29]} h5 {[%clk 0:17:56]} 23. Rb5 {[%clk
0:14:37]} hxg4 {[%clk 0:17:52]} 24. hxg4 {[%clk 0:14:58]} Rxg4+ {[%clk 0:18:11]}
25. Kf1 {[%clk 0:15:24]} Ne7 {[%clk 0:15:14]} 26. Rcb1 {[%clk 0:13:32]} Rc8
{[%clk 0:13:54]} 27. Rb7 {[%clk 0:12:45]} Nc6 {[%clk 0:12:04]} 28. R1b5 {[%clk
0:11:10]} Rg8 {[%clk 0:10:29]} 29. Rxc5 {[%clk 0:10:48]} Kg7 {[%clk 0:10:01]} 30.
Ng5 {[%clk 0:04:52]} Nxe5 {[%clk 0:07:26]} 31. Nxe6+ {[%clk 0:05:17]} Kh6 {[%clk
0:07:18]} 32. Rxc8 {[%clk 0:01:10]} Rxc8 {[%clk 0:07:40]} 33. Nxf4 {[%clk
0:01:37]} Rxc3 {[%clk 0:07:43]} 34. Rxa7 {[%clk 0:01:23]} Nxd3 {[%clk 0:06:14]}
35. Nxd5 {[%clk 0:01:31]} Rc5 {[%clk 0:05:40]} 36. Ne3 {[%clk 0:01:30]} Nf4
{[%clk 0:05:06]} 37. Ke1 {[%clk 0:01:29]} Kg6 {[%clk 0:04:52]} 38. Ra4 {[%clk
0:01:22]} Kg5 {[%clk 0:04:33]} 39. Kd2 {[%clk 0:00:59]} Rc8 {[%clk 0:01:24]} 40.
Ra5+ {[%clk 0:30:55]} Kg6 {[%clk 0:31:44]} 41. Rb5 {[%clk 0:21:28]} Rd8+ {[%clk
0:26:49]} 42. Kc2 {[%clk 0:20:48]} Nd3 {[%clk 0:18:23]} 43. Rd5 {[%clk 0:19:37]}
Rxd5 {[%clk 0:16:14]} 44. Nxd5 {[%clk 0:19:57]} Nxf2 {[%clk 0:15:34]} 45. a4
{[%clk 0:20:04]} Ne4 {[%clk 0:14:21]} 46. a5 {[%clk 0:20:01]} Nc5 {[%clk
0:12:14]} 47. Kc3 {[%clk 0:16:07]} Na6 {[%clk 0:05:39]} 48. Kc4 {[%clk 0:14:19]}
f5 {[%clk 0:02:12]} 49. Kb5 {[%clk 0:08:08]} Nb8 {[%clk 0:02:38]} 50. Kb6 {[%clk
0:08:12]} Kg5 {[%clk 0:03:02]} 51. Nc3 {[%clk 0:04:26]} f4 {[%clk 0:02:19]} 52.
Kb7 {[%clk 0:04:00]} Nd7 {[%clk 0:02:41]} 53. Ne4+ {[%clk 0:03:28]} Kf5 {[%clk
0:02:20]} 54. a6 {[%clk 0:03:06]} Kxe4 {[%clk 0:02:45]} 55. a7 {[%clk 0:03:31]}
f3 {[%clk 0:02:49]} 56. a8Q {[%clk 0:03:53]} f2 {[%clk 0:03:01]} 57. Qe8+ {[%clk
0:00:50]} Ne5 {[%clk 0:02:57]} 58. Qa4+ {[%clk 0:00:34]} Ke3 {[%clk 0:02:09]} 59.
Qd1 {[%clk 0:00:51]} Nf3 {[%clk 0:02:17]} 60. Qf1 {[%clk 0:00:35]} Nd2 {[%clk
0:02:35]} 61. Qh3+ {[%clk 0:00:40]} Ke2 {[%clk 0:02:41]} 62. Qg2 {[%clk 0:00:45]}
Ke1 {[%clk 0:03:04]} 63. Qg3 {[%clk 0:01:09]} Ke2 {[%clk 0:03:23]} 64. Qe5+
{[%clk 0:01:14]} Kd1 {[%clk 0:03:39]} 65. Qh5+ {[%clk 0:01:20]} Ke1 {[%clk
0:04:02]} 66. Qh4 {[%clk 0:01:44]} Ke2 {[%clk 0:04:25]} 67. Qxf2+ {[%clk
0:01:48]} Kxf2 {[%clk 0:04:45]} 1/2-1/2

[Event "European Club Cup"]
[Site "chess24.com"]
[Date "2018.10.17"]
[Round "6"]
[White "Longson, Alexander"]
[Black "Sagit, Rauan"]
[Result "0-1"]
[Board "2"]
[WhiteElo "2329"]
[WhiteTitle "FM"]
[WhiteCountry "ENG"]
[WhiteFideId "408093"]
[WhiteEloChange "-7"]
[BlackElo "2434"]
[BlackTitle "IM"]
[BlackCountry "SWE"]
[BlackFideId "1708376"]
[BlackEloChange "4"]

1. e4 {[%clk 1:30:56]} c5 {[%clk 1:30:46]} 2. Nf3 {[%clk 1:31:20]} d6 {[%clk
1:31:10]} 3. d4 {[%clk 1:31:43]} cxd4 {[%clk 1:31:29]} 4. Nxd4 {[%clk 1:32:02]}
Nf6 {[%clk 1:31:49]} 5. Nc3 {[%clk 1:32:25]} a6 {[%clk 1:32:12]} 6. Be3 {[%clk
1:32:48]} e5 {[%clk 1:32:10]} 7. Nb3 {[%clk 1:32:48]} Be6 {[%clk 1:32:10]} 8. f3
{[%clk 1:33:21]} h5 {[%clk 1:31:56]} 9. Nd5 {[%clk 1:33:30]} Bxd5 {[%clk
1:29:51]} 10. exd5 {[%clk 1:33:47]} Nbd7 {[%clk 1:30:06]} 11. Qd2 {[%clk
1:33:38]} g6 {[%clk 1:29:37]} 12. Be2 {[%clk 1:33:54]} Qc7 {[%clk 1:26:27]} 13.
Rc1 {[%clk 1:34:00]} Ng8 {[%clk 1:25:24]} 14. c4 {[%clk 1:33:58]} b6 {[%clk
1:23:11]} 15. O-O {[%clk 1:31:20]} a5 {[%clk 1:19:18]} 16. f4 {[%clk 1:22:22]} a4
{[%clk 1:17:08]} 17. Na1 {[%clk 1:21:56]} Nh6 {[%clk 1:04:56]} 18. fxe5 {[%clk
1:01:59]} dxe5 {[%clk 1:03:42]} 19. c5 {[%clk 0:42:36]} bxc5 {[%clk 1:01:52]} 20.
Nc2 {[%clk 0:33:05]} Nf5 {[%clk 0:56:55]} 21. Rxf5 {[%clk 0:27:09]} gxf5 {[%clk
0:57:13]} 22. Na3 {[%clk 0:22:34]} f4 {[%clk 0:43:40]} 23. Nb5 {[%clk 0:21:59]}
Qb6 {[%clk 0:37:57]} 24. Bf2 {[%clk 0:17:42]} f3 {[%clk 0:35:48]} 25. d6 {[%clk
0:09:52]} fxe2 {[%clk 0:29:20]} 26. Nc7+ {[%clk 0:09:49]} Kd8 {[%clk 0:29:32]}
27. Nxa8 {[%clk 0:08:49]} Qa6 {[%clk 0:24:54]} 28. Nc7 {[%clk 0:05:01]} Qxd6
{[%clk 0:24:46]} 29. Qxd6 {[%clk 0:04:58]} Bxd6 {[%clk 0:25:10]} 30. Nb5 {[%clk
0:05:22]} Ke7 {[%clk 0:22:59]} 31. Rc2 {[%clk 0:05:12]} f5 {[%clk 0:19:54]} 32.
Rd2 {[%clk 0:04:48]} Bb8 {[%clk 0:15:59]} 33. Rxe2 {[%clk 0:04:34]} Rc8 {[%clk
0:14:27]} 34. Nc3 {[%clk 0:03:31]} Nb6 {[%clk 0:14:34]} 35. Re3 {[%clk 0:03:23]}
Bd6 {[%clk 0:12:17]} 36. Rh3 {[%clk 0:02:44]} Rh8 {[%clk 0:12:24]} 37. Nb5 {[%clk
0:02:21]} e4 {[%clk 0:11:23]} 38. Rc3 {[%clk 0:01:35]} Rc8 {[%clk 0:05:13]} 39.
Rh3 {[%clk 0:01:29]} Rh8 {[%clk 0:03:19]} 40. Rc3 {[%clk 0:31:52]} Nd7 {[%clk
0:32:04]} 41. Nxd6 {[%clk 0:19:13]} Kxd6 {[%clk 0:32:24]} 42. Ra3 {[%clk
0:19:35]} Ra8 {[%clk 0:28:32]} 43. Be1 {[%clk 0:10:24]} Nb6 {[%clk 0:25:38]} 44.
Rg3 {[%clk 0:07:40]} Nd5 {[%clk 0:24:14]} 45. Bd2 {[%clk 0:05:04]} Rb8 {[%clk
0:22:51]} 46. Bc1 {[%clk 0:05:29]} c4 {[%clk 0:22:09]} 47. Kf1 {[%clk 0:05:05]}
Ke5 {[%clk 0:18:09]} 48. Ke2 {[%clk 0:04:49]} Nf4+ {[%clk 0:14:26]} 49. Kd1
{[%clk 0:05:04]} Nd3 {[%clk 0:11:41]} 50. Bd2 {[%clk 0:04:28]} Nxb2+ {[%clk
0:09:35]} 51. Kc2 {[%clk 0:04:54]} Nd3 {[%clk 0:09:53]} 52. Bc3+ {[%clk 0:05:13]}
Kd5 {[%clk 0:09:46]} 53. Rg5 {[%clk 0:04:28]} Rf8 {[%clk 0:08:08]} 54. Rxh5
{[%clk 0:01:57]} e3 {[%clk 0:08:15]} 55. g4 {[%clk 0:01:53]} e2 {[%clk 0:06:02]}
56. gxf5 {[%clk 0:02:11]} e1Q {[%clk 0:04:09]} 57. Bxe1 {[%clk 0:02:16]} Nxe1+
{[%clk 0:04:34]} 58. Kc3 {[%clk 0:02:09]} Nf3 {[%clk 0:04:22]} 59. Rh7 {[%clk
0:00:41]} Ne5 {[%clk 0:03:01]} 60. Ra7 {[%clk 0:00:44]} Rxf5 {[%clk 0:03:48]} 61.
Ra5+ {[%clk 0:00:43]} Ke4 {[%clk 0:03:49]} 62. Rxa4 {[%clk 0:00:50]} Rf3+ {[%clk
0:04:09]} 63. Kb4 {[%clk 0:00:57]} Kd4 {[%clk 0:04:15]} 64. Ra8 {[%clk 0:00:41]}
Nd3+ {[%clk 0:04:36]} 65. Kb5 {[%clk 0:00:46]} Rf5+ {[%clk 0:05:02]} 66. Kb6
{[%clk 0:01:06]} c3 {[%clk 0:05:17]} 67. Rd8+ {[%clk 0:00:37]} Kc4 {[%clk
0:05:34]} 0-1

[Event "European Club Cup"]
[Site "chess24.com"]
[Date "2018.10.17"]
[Round "6"]
[White "Kristensen, Kaare Hove"]
[Black "Liodakis, Konstantinos-Spyros"]
[Result "1-0"]
[Board "2"]
[WhiteElo "2347"]
[WhiteTitle "FM"]
[WhiteCountry "DEN"]
[WhiteFideId "1400940"]
[WhiteEloChange "6"]
[BlackElo "2182"]
[BlackCountry "GRE"]
[BlackFideId "4217136"]
[BlackEloChange "-6"]

1. d4 {[%clk 1:30:46]} Nf6 {[%clk 1:30:51]} 2. c4 {[%clk 1:31:05]} g6 {[%clk
1:31:18]} 3. Nc3 {[%clk 1:31:27]} Bg7 {[%clk 1:31:45]} 4. e4 {[%clk 1:31:43]} d6
{[%clk 1:32:13]} 5. Nf3 {[%clk 1:32:02]} O-O {[%clk 1:32:38]} 6. Be2 {[%clk
1:32:25]} e5 {[%clk 1:33:04]} 7. O-O {[%clk 1:32:42]} Nc6 {[%clk 1:33:32]} 8.
dxe5 {[%clk 1:32:58]} Nxe5 {[%clk 1:33:41]} 9. Nxe5 {[%clk 1:30:28]} dxe5 {[%clk
1:32:44]} 10. Qc2 {[%clk 1:30:50]} c6 {[%clk 1:32:45]} 11. Rd1 {[%clk 1:30:27]}
Qc7 {[%clk 1:33:10]} 12. Be3 {[%clk 1:29:35]} Be6 {[%clk 1:33:19]} 13. Na4 {[%clk
1:26:15]} b6 {[%clk 1:32:22]} 14. Nc3 {[%clk 1:17:43]} Ng4 {[%clk 1:25:17]} 15.
Bg5 {[%clk 1:03:46]} h6 {[%clk 1:22:48]} 16. Bh4 {[%clk 0:59:08]} f5 {[%clk
1:11:17]} 17. exf5 {[%clk 0:56:27]} Bxf5 {[%clk 1:11:41]} 18. Ne4 {[%clk
0:46:39]} Nf6 {[%clk 1:06:14]} 19. Bxf6 {[%clk 0:38:37]} Bxf6 {[%clk 1:05:42]}
20. Nxf6+ {[%clk 0:38:26]} Rxf6 {[%clk 1:06:10]} 21. Bd3 {[%clk 0:38:19]} Rd8
{[%clk 1:05:57]} 22. Bxf5 {[%clk 0:38:32]} gxf5 {[%clk 1:06:16]} 23. h3 {[%clk
0:28:29]} Rd4 {[%clk 1:04:42]} 24. c5 {[%clk 0:12:28]} bxc5 {[%clk 1:01:30]} 25.
Qxc5 {[%clk 0:11:06]} Qd6 {[%clk 1:01:05]} 26. Qxd6 {[%clk 0:10:41]} Rfxd6 {[%clk
1:01:32]} 27. Rxd4 {[%clk 0:10:57]} exd4 {[%clk 1:01:05]} 28. Kf1 {[%clk
0:10:46]} Kf7 {[%clk 0:56:40]} 29. Ke2 {[%clk 0:10:54]} Ke6 {[%clk 0:56:34]} 30.
Kd3 {[%clk 0:11:00]} Kd5 {[%clk 0:56:51]} 31. b4 {[%clk 0:06:07]} f4 {[%clk
0:56:36]} 32. Rc1 {[%clk 0:04:59]} Rg6 {[%clk 0:57:01]} 33. Rc5+ {[%clk 0:05:00]}
Kd6 {[%clk 0:57:29]} 34. Kxd4 {[%clk 0:04:34]} Rxg2 {[%clk 0:57:53]} 35. Rh5
{[%clk 0:00:49]} Rxf2 {[%clk 0:58:21]} 36. Rxh6+ {[%clk 0:01:16]} Kc7 {[%clk
0:58:48]} 37. a4 {[%clk 0:01:11]} f3 {[%clk 0:50:38]} 38. Rf6 {[%clk 0:01:38]}
Rf1 {[%clk 0:50:43]} 39. Ke3 {[%clk 0:00:45]} Re1+ {[%clk 0:49:13]} 40. Kf2
{[%clk 0:31:05]} Re4 {[%clk 1:19:40]} 41. Kxf3 {[%clk 0:16:33]} Rxb4 {[%clk
1:20:05]} 42. Rf4 {[%clk 0:16:44]} Rb1 {[%clk 1:14:05]} 43. h4 {[%clk 0:16:26]}
c5 {[%clk 1:14:05]} 44. h5 {[%clk 0:16:03]} Rh1 {[%clk 1:14:27]} 45. Kg4 {[%clk
0:16:21]} Kb6 {[%clk 1:13:40]} 46. Kg5 {[%clk 0:16:06]} Rg1+ {[%clk 1:12:35]} 47.
Rg4 {[%clk 0:14:05]} Rd1 {[%clk 1:12:55]} 48. h6 {[%clk 0:14:03]} Rd5+ {[%clk
1:13:21]} 49. Kg6 {[%clk 0:12:40]} Rd6+ {[%clk 1:13:36]} 50. Kg7 {[%clk 0:08:25]}
Rd7+ {[%clk 1:13:57]} 51. Kh8 {[%clk 0:04:53]} Ka5 {[%clk 1:13:45]} 52. h7 {[%clk
0:04:48]} Rd8+ {[%clk 1:11:43]} 53. Kg7 {[%clk 0:05:05]} Rd7+ {[%clk 1:12:11]}
54. Kh6 {[%clk 0:05:04]} Rd6+ {[%clk 1:12:31]} 55. Kh5 {[%clk 0:03:39]} Rd5+
{[%clk 1:12:59]} 56. Kh6 {[%clk 0:03:37]} Rd6+ {[%clk 1:13:24]} 57. Kh5 {[%clk
0:02:55]} Rd5+ {[%clk 1:13:53]} 58. Kh4 {[%clk 0:03:00]} Rd1 {[%clk 1:14:18]} 59.
Rg3 {[%clk 0:03:03]} Rd8 {[%clk 1:14:04]} 60. Rg8 {[%clk 0:03:21]} Rd1 {[%clk
1:14:31]} 61. Kg3 {[%clk 0:02:59]} Rh1 {[%clk 1:14:53]} 62. h8Q {[%clk 0:03:24]}
Rxh8 {[%clk 1:15:20]} 63. Rxh8 {[%clk 0:03:48]} Kxa4 {[%clk 1:15:49]} 64. Kf3
{[%clk 0:03:45]} a5 {[%clk 1:15:04]} 65. Rb8 {[%clk 0:03:03]} Ka3 {[%clk
1:15:29]} 66. Ke3 {[%clk 0:03:25]} a4 {[%clk 1:15:53]} 67. Kd2 {[%clk 0:03:45]}
Ka2 {[%clk 1:16:20]} 68. Kc3 {[%clk 0:03:49]} a3 {[%clk 1:16:46]} 69. Ra8 {[%clk
0:03:39]} c4 {[%clk 1:17:13]} 70. Ra7 {[%clk 0:04:00]} 1-0

[Event "European Club Cup"]
[Site "chess24.com"]
[Date "2018.10.17"]
[Round "6"]
[White "Noe, Christopher"]
[Black "Elsness, Frode"]
[Result "1-0"]
[Board "1"]
[WhiteElo "2530"]
[WhiteTitle "IM"]
[WhiteCountry "GER"]
[WhiteFideId "24692018"]
[WhiteEloChange "4"]
[BlackElo "2450"]
[BlackTitle "IM"]
[BlackCountry "NOR"]
[BlackFideId "1501100"]
[BlackEloChange "-4"]

1. d4 {[%clk 1:30:56]} Nf6 {[%clk 1:30:57]} 2. c4 {[%clk 1:31:18]} e6 {[%clk
1:31:22]} 3. Nc3 {[%clk 1:31:42]} Bb4 {[%clk 1:31:47]} 4. e3 {[%clk 1:32:07]} O-O
{[%clk 1:31:39]} 5. Ne2 {[%clk 1:32:31]} c6 {[%clk 1:31:36]} 6. a3 {[%clk
1:32:02]} Ba5 {[%clk 1:31:49]} 7. b4 {[%clk 1:31:42]} Bc7 {[%clk 1:32:06]} 8. Ng3
{[%clk 1:26:22]} d5 {[%clk 1:31:26]} 9. cxd5 {[%clk 1:24:53]} exd5 {[%clk
1:29:50]} 10. Bd3 {[%clk 1:24:35]} Re8 {[%clk 1:29:02]} 11. O-O {[%clk 1:18:59]}
Nbd7 {[%clk 1:25:42]} 12. Bc2 {[%clk 1:15:34]} Nf8 {[%clk 1:22:19]} 13. f3 {[%clk
1:10:03]} Ng6 {[%clk 1:19:02]} 14. Kh1 {[%clk 0:59:36]} Be6 {[%clk 1:09:54]} 15.
Rb1 {[%clk 0:53:06]} Qd6 {[%clk 1:05:03]} 16. b5 {[%clk 0:37:02]} Nh5 {[%clk
0:57:35]} 17. Nce2 {[%clk 0:35:22]} Nxg3+ {[%clk 0:53:35]} 18. Nxg3 {[%clk
0:35:35]} c5 {[%clk 0:46:59]} 19. f4 {[%clk 0:36:00]} Bd7 {[%clk 0:45:18]} 20. e4
{[%clk 0:31:11]} dxe4 {[%clk 0:41:24]} 21. f5 {[%clk 0:29:03]} Nf8 {[%clk
0:25:37]} 22. Bf4 {[%clk 0:28:34]} Qb6 {[%clk 0:25:26]} 23. dxc5 {[%clk 0:28:46]}
Qxc5 {[%clk 0:23:53]} 24. Nxe4 {[%clk 0:28:32]} Qb6 {[%clk 0:23:52]} 25. Bxc7
{[%clk 0:23:30]} Qxc7 {[%clk 0:24:15]} 26. f6 {[%clk 0:23:57]} g6 {[%clk
0:15:41]} 27. Qd2 {[%clk 0:23:30]} Re5 {[%clk 0:15:51]} 28. Bb3 {[%clk 0:19:41]}
Rh5 {[%clk 0:14:51]} 29. Bxf7+ {[%clk 0:20:02]} Kh8 {[%clk 0:12:24]} 30. Qd6
{[%clk 0:18:13]} Rc8 {[%clk 0:12:01]} 31. Qxc7 {[%clk 0:18:36]} Rxc7 {[%clk
0:12:30]} 32. Nd6 {[%clk 0:18:35]} Bxb5 {[%clk 0:10:51]} 33. Rfe1 {[%clk
0:15:15]} Bc6 {[%clk 0:09:05]} 34. Re7 {[%clk 0:12:37]} Rd7 {[%clk 0:09:10]} 35.
Re8 {[%clk 0:12:19]} Rxf7 {[%clk 0:09:03]} 36. Nxf7+ {[%clk 0:12:43]} Kg8 {[%clk
0:09:32]} 37. Re7 {[%clk 0:12:58]} Nd7 {[%clk 0:07:10]} 38. Nd8 {[%clk 0:13:23]}
1-0